Pongamos que hablo de Madrid : (Record no. 35623)
[ view plain ]
| 000 -LEADER | |
|---|---|
| campo de control de longitud fija | 01282nam a2200277 i 4500 |
| 001 - NÚMERO DE CONTROL | |
| campo de control | 35623 |
| 003 - IDENTIFICADOR DE NÚMERO DE CONTROL | |
| campo de control | ES-MaACL |
| 005 - FECHA Y HORA DE LA ÚLTIMA TRANSACCIÓN | |
| campo de control | 20251204171332.0 |
| 008 - DATOS DE LONGITUD FIJA--INFORMACIÓN GENERAL | |
| campo de control de longitud fija | 211221s2017 sp a l001 0 spa |
| 020 ## - NÚMERO INTERNACIONAL ESTÁNDAR DEL LIBRO | |
| Número Internacional Estándar del Libro | 978-84-7812-784-9 |
| 080 ## - NÚMERO DE LA CLASIFICACIÓN DECIMAL UNIVERSAL | |
| Número de la Clasificación Decimal Universal | 75.036(460.271)(083.824) |
| 110 2# - ENTRADA PRINCIPAL--NOMBRE DE ENTIDAD CORPORATIVA | |
| Nombre de entidad corporativa o nombre de jurisdicción como elemento de entrada | Museo de Arte Contemporáneo (Madrid) |
| 9 (RLIN) | 5891 |
| 245 10 - MENCIÓN DEL TÍTULO | |
| Título | Pongamos que hablo de Madrid : |
| Resto del título | [exposición] del 23 de noviembre de 2017 al 25 de febrero de 2018, Instituto Cultural Cabañas / |
| Mención de responsabilidad, etc. | [comisario, Fernando Castro Flórez ; textos, Miguel Cabañas Bravo, Fernando Castro Flórez ; fotografía, Luis Asin]. |
| 260 ## - PUBLICACIÓN, DISTRIBUCIÓN, ETC. | |
| Lugar de publicación, distribución, etc. | [Madrid] : |
| Nombre del editor, distribuidor, etc. | Museo de Arte Contemporáneo de Madrid, |
| Fecha de publicación, distribución, etc. | [2017] |
| 300 ## - DESCRIPCIÓN FÍSICA | |
| Extensión | 157 p. : |
| Otras características físicas | principalmente il. col. ; |
| Dimensiones | 31 cm. |
| 610 24 - PUNTO DE ACCESO ADICIONAL DE MATERIA--NOMBRE DE ENTIDAD CORPORATIVA | |
| Nombre de entidad corporativa o nombre de jurisdicción como elemento de entrada | Museo de Arte Contemporáneo (Madrid)- |
| Subdivisión general | Colecciones de arte. |
| 9 (RLIN) | 173880 |
| 650 #4 - PUNTO DE ACCESO ADICIONAL DE MATERIA--TÉRMINO DE MATERIA | |
| Término de materia o nombre geográfico como elemento de entrada | Arte- |
| Subdivisión geográfica | Madrid- |
| Subdivisión cronológica | S.XX- |
| Subdivisión de forma | Exposiciones. |
| 9 (RLIN) | 173881 |
| 655 #7 - TERMINO DE INDIZACIÓN--GENERO/FORMA | |
| Fuente del término | tgfbne |
| 9 (RLIN) | 193628 |
| Datos o término principal de género/forma | Catálogos de exposiciones |
| 700 1# - ENTRADA AGREGADA--NOMBRE PERSONAL | |
| Nombre de persona | Castro Flórez, Fernando. |
| 9 (RLIN) | 143205 |
| 700 1# - ENTRADA AGREGADA--NOMBRE PERSONAL | |
| Nombre de persona | Cabañas Bravo, Miguel, |
| Fechas asociadas al nombre | 1963- |
| 9 (RLIN) | 173882 |
| 700 1# - ENTRADA AGREGADA--NOMBRE PERSONAL | |
| Nombre de persona | Asín, Luis, |
| Fechas asociadas al nombre | 1962- |
| 9 (RLIN) | 173737 |
| 710 2# - ENTRADA AGREGADA--NOMBRE DE ENTIDAD CORPORATIVA | |
| Nombre de entidad corporativa o nombre de jurisdicción como elemento de entrada | Instituto Cultural Cabañas. |
| 9 (RLIN) | 173883 |
| 852 4# - LOCALIZACIÓN | |
| Ubicación | ES-MaACL |
| Número de control de estantería | A-14801 |
| itemnumber | 36921 |
| Sublocalización o colección | R.152089 |
| Ubicación en estantería | Depósito 1 |
| Signatura antigua | Olim: N-7801 |
| Donativo/Legado | Donación: Editorial |
| 942 ## - ELEMENTOS DE ENTRADA SECUNDARIOS (KOHA) | |
| Fuente del sistema de clasificación o colocación | Clasificación decimal universal |
| Estatus retirado | Estado de pérdida | Fuente del sistema de clasificación o colocación | Estado de daño | No para préstamo | Biblioteca de origen | Biblioteca actual | Ubicación en estantería | Fecha de adquisición | Fuente de adquisición | Total de préstamos | Signatura topográfica completa | Código de barras | Visto por última vez | Precio de reemplazo | Tipo de ítem Koha |
|---|---|---|---|---|---|---|---|---|---|---|---|---|---|---|---|
| Clasificación decimal universal | Biblioteca del Ateneo de Madrid | Biblioteca del Ateneo de Madrid | Depósito 1 | 21/12/2021 | Donación | A-14801 | 1202753 | 23/02/2023 | 23/02/2023 | Libro impreso |
